Enfermeras de las instituciones sanitarias de la Seguridad Social / (Record no. 59724)

MARC details
000 -LEADER
campo de control de longitud fija 00652nam a2200193 i 4500
001 - NÚMERO DE CONTROL
campo de control 59724
003 - IDENTIFICADOR DE NÚMERO DE CONTROL
campo de control ES-MaACL
005 - FECHA Y HORA DE LA ÚLTIMA TRANSACCIÓN
campo de control 20230906164104.0
007 - CAMPO FIJO DE DESCRIPCIÓN FÍSICA--INFORMACIÓN GENERAL
campo de control de longitud fija t|
008 - DATOS DE LONGITUD FIJA--INFORMACIÓN GENERAL
campo de control de longitud fija 031030s1968 sp ||||1| spa d
245 00 - MENCIÓN DEL TÍTULO
Título Enfermeras de las instituciones sanitarias de la Seguridad Social /
Mención de responsabilidad, etc. Castaño López-Mesas ... [et al.].
260 ## - PUBLICACIÓN, DISTRIBUCIÓN, ETC.
Lugar de publicación, distribución, etc. Madrid :
Nombre del editor, distribuidor, etc. Contestaciones Pons,
Fecha de publicación, distribución, etc. 1968.
300 ## - DESCRIPCIÓN FÍSICA
Extensión 2 v. ;
Dimensiones 31 cm.
500 ## - NOTA GENERAL
Nota general Son los tomos I, II.
533 ## - NOTA DE REPRODUCCIÓN
Tipo de reproducción Multicop.
610 24 - PUNTO DE ACCESO ADICIONAL DE MATERIA--NOMBRE DE ENTIDAD CORPORATIVA
Nombre de entidad corporativa o nombre de jurisdicción como elemento de entrada Instituto Nacional de la Salud (España)-
Subdivisión de forma Contestaciones para oposiciones.
9 (RLIN) 169564
700 1# - ENTRADA AGREGADA--NOMBRE PERSONAL
Nombre de persona Castaño López-Mesas.
9 (RLIN) 36439
852 ## - LOCALIZACIÓN
Ubicación ES-MaACL
Número de control de estantería P-1364
Sublocalización o colección R.67961
Holdings
Estatus retirado Estado de pérdida Estado de daño No para préstamo Biblioteca de origen Biblioteca actual Ubicación en estantería Fecha de adquisición Fuente de adquisición Total de préstamos Signatura topográfica completa Código de barras Visto por última vez Precio de reemplazo Tipo de ítem Koha
        Biblioteca del Ateneo de Madrid Biblioteca del Ateneo de Madrid Depósito 2 17/01/2008     P-1364 1062642 23/02/2023 23/02/2023 Libro impreso